000 00644nam a2200181Ia 4500
003 GCL
008 140319s9999 xx 000 0 ara d
040 _aGCL /
_cGCL
082 0 4 _aد
_b050
245 1 0 _aالنقطة المتحولة: اربعون عاما فى استكشاف المسرح (عالم المعرفة 154)
260 _a[S.N] :
_bالمجلس الوطنى للثقافة والفنون والاداب ،
_c1991
300 _a350 ص
490 _aعالم المعرفة
_v0
650 0 4 _aالادب الانجليزى
650 0 4 _aالمسرح الانجليزى
650 0 4 _aشكسبير، ويليام
942 _2ddc
_cBK
999 _c35507
_d35507